Countries of the World in 1959 on Map - Statistics

General Stats
  • This quiz has been taken 9,682 times
    5,746 since last reset
  • The average score is 89 of 97
Answers on the Map
Answers color-coded by a green-red scale on the quiz's map according to % correct below.
 
Answer Stats
Answer % Correct
Soviet Union
99%
United States
99%
Canada
98%
France
98%
United Kingdom
98%
China
97%
Denmark
97%
Italy
97%
Mexico
97%
Portugal
97%
Spain
97%
Argentina
96%
Australia
96%
Belgium
96%
Brazil
96%
Finland
96%
India
96%
Ireland
96%
Japan
96%
Mongolia
96%
Netherlands
96%
Norway
96%
Poland
96%
Sweden
96%
Turkey
96%
Chile
95%
Cuba
95%
East Germany
95%
Greece
95%
Iceland
95%
Iran
95%
Iraq
95%
North Korea
95%
Pakistan
95%
Peru
95%
Saudi Arabia
95%
South Africa
95%
South Korea
95%
West Germany
95%
Austria
94%
Bolivia
94%
Colombia
94%
Hungary
94%
Indonesia
94%
Morocco
94%
Nepal
94%
New Zealand
94%
Oman
94%
Paraguay
94%
Romania
94%
Sudan
94%
Switzerland
94%
Uruguay
94%
Venezuela
94%
Yugoslavia
94%
Afghanistan
93%
Andorra
93%
Bulgaria
93%
Dominican Republic
93%
Ecuador
93%
Ethiopia
93%
Haiti
93%
Laos
93%
Libya
93%
Panama
93%
Philippines
93%
Thailand
93%
Tunisia
93%
Vatican City
93%
Albania
92%
Bhutan
92%
Burma
92%
Cambodia
92%
Costa Rica
92%
Czechoslovakia
92%
Guatemala
92%
Honduras
92%
Israel
92%
Jordan
92%
Monaco
92%
Nicaragua
92%
San Marino
92%
Sri Lanka
92%
El Salvador
91%
Malaysia
91%
Taiwan
91%
Liberia
87%
Ghana
86%
Lebanon
86%
Liechtenstein
83%
North Vietnam
82%
South Vietnam
82%
Guinea
81%
Luxembourg
81%
North Yemen
48%
United Arab Republic
42%
Sikkim
27%
No matching quizzes found
Score Distribution
Percent of People with Each Score
Percentile by Number Answered
Your Score History
You have not taken this quiz since the last reset